Biggest Capital Cities by Continenint - Statistics

General Stats
  • This quiz has been taken 451 times
  • The average score is 6 of 6
Answer Stats
Population Continent Capital % Correct
8,851,000 North America Mexico City
96%
13,350,000 Asia Tokyo
96%
7,772,000 Africa Cairo
95%
11,500,000 Europe Moscow
94%
2,891,000 South America Buenos Aires
93%
358,222 Oceania Canberra
90%
No matching quizzes found
Score Distribution
Percent of People with Each Score
Percentile by Number Answered
Your Score History
You have not taken this quiz